000
00322nam a2200133Ia 4500
008
190216s9999||||xx |||||||||||||| ||und||
100
_a
C.J .babu
245
0
_a
Optics& Spectroscopy
250
_a
2007th Ed.
260
_b
Calicut University Central Co-Operative
_c
285
300
_a
286
650
_a
Physics
942
_c
BK
999
_c
34678
_d
34678